[Event "FRA-chT2 0910"]
[Site "France"]
[Date "2010.01.24"]
[Round "7.6"]
[White "Mourot, Clara"]
[Black "Joly, Laurent"]
[Result "1-0"]
[WhiteElo "1970"]
[BlackElo "2033"]
[PlyCount "45"]
[EventDate "2009.09.27"]
[EventType "team"]
[EventRounds "11"]
[EventCountry "FRA"]
[SourceDate "2009.07.26"]

1. e4 Nf6 2. Nc3 d5 3. e5 Ne4 4. Nxe4 dxe4 5. d4 exd3 6. Bxd3 Nc6 7. Bf4 Qd4 8.
Ne2 Qc5 9. Nc3 Bd7 10. O-O O-O-O 11. Re1 h6 12. Be3 Qxe5 13. Bxa7 Qa5 14. Be3
e6 15. Nb5 Nb4 16. a4 Be7 17. Qh5 Nd5 18. Be4 Be8 19. Qf3 c6 20. Bxd5 Rxd5 21.
c4 Rd8 22. Qg3 Rd7 23. Na7+ 1-0

[Event "FRA-chT2 0910"]
[Site "France"]
[Date "2010.01.24"]
[Round "7.7"]
[White "Staeger, Pascal"]
[Black "Hoog, Boris"]
[Result "1-0"]
[WhiteElo "2100"]
[BlackElo "1761"]
[PlyCount "59"]
[EventDate "2009.09.27"]
[EventType "team"]
[EventRounds "11"]
[EventCountry "FRA"]
[SourceDate "2009.07.26"]

1. e4 c5 2. Nc3 Nc6 3. g3 g6 4. Bg2 Bg7 5. d3 d6 6. Be3 Nf6 7. h3 Be6 8. f4 Qa5
9. Qd2 Qb4 10. Nge2 O-O-O 11. Bf2 Nd7 12. Rb1 Nb6 13. a3 Qa5 14. O-O d5 15. b4
cxb4 16. axb4 Qa3 17. Rb3 Qa6 18. b5 Qa5 19. bxc6 d4 20. cxb7+ Kb8 21. Nb1 Qh5
22. g4 Qc5 23. Ra3 f5 24. Ra5 Qc7 25. Na3 fxg4 26. f5 gxf5 27. Bg3 Rd6 28. exf5
Bd7 29. Rxa7 gxh3 30. Ra8+ 1-0

[Event "FRA-chT2 0910"]
[Site "France"]
[Date "2010.01.24"]
[Round "7.8"]
[White "Riou, Guillaume"]
[Black "Monpeurt, Cyrielle"]
[Result "0-1"]
[WhiteElo "1320"]
[BlackElo "1830"]
[PlyCount "82"]
[EventDate "2009.09.27"]
[EventType "team"]
[EventRounds "11"]
[EventCountry "FRA"]
[SourceDate "2009.07.26"]

1. d4 Nf6 2. c4 c5 3. e3 g6 4. Nf3 Bg7 5. Be2 O-O 6. O-O b6 7. d5 d6 8. Nc3
Nbd7 9. Qc2 a6 10. a4 e6 11. e4 Re8 12. Bg5 Qc7 13. Rfe1 h6 14. Be3 Ng4 15. Bf4
Nge5 16. Qc1 Kh7 17. h3 Nxf3+ 18. Bxf3 Ne5 19. Be2 Bd7 20. Nd1 exd5 21. exd5
Rab8 22. Rb1 Bxa4 23. Ne3 Bd7 24. Ng4 Nxg4 25. hxg4 b5 26. cxb5 Bxb5 27. Bxb5
Rxe1+ 28. Qxe1 Rxb5 29. Qd2 Qb6 30. g3 g5 31. Qc2+ Kg8 32. Bc1 a5 33. Qe2 Kf8
34. Qc2 Rb4 35. Qf5 Qb8 36. f4 gxf4 37. gxf4 Qe8 38. Bd2 Bd4+ 39. Kg2 Qe2+ 40.
Kh3 Qxd2 41. g5 Rb3+ 0-1

[Event "FRA-chT2 0910"]
[Site "France"]
[Date "2010.01.24"]
[Round "7.1"]
[White "Vicol, Dorian"]
[Black "Schwalfenberg, Joerg"]
[Result "1-0"]
[WhiteElo "2373"]
[BlackElo "2343"]
[PlyCount "71"]
[EventDate "2009.09.27"]
[EventType "team"]
[EventRounds "11"]
[EventCountry "FRA"]
[SourceDate "2009.07.26"]
[WhiteTeam "Mundolsheim"]

1. e4 c6 2. d4 d5 3. Nc3 dxe4 4. Nxe4 Bf5 5. Nc5 e5 6. Nxb7 Qe7 7. Na5 Qb4+ 8.
Qd2 Nf6 9. a3 Qxd4 10. Qxd4 exd4 11. Nf3 Bxc2 12. Nxd4 Be4 13. f3 Bd5 14. Be3
Bc5 15. Rc1 Bb6 16. Nc4 O-O 17. Kf2 Rd8 18. Nxb6 axb6 19. Nf5 c5 20. Bb5 Be6
21. Rhd1 Nbd7 22. g4 Bxf5 23. gxf5 Nf8 24. b4 cxb4 25. Rxd8 Rxd8 26. axb4 Rd5
27. Bc6 Rxf5 28. Bxb6 Ne6 29. Ba7 g5 30. b5 Ng4+ 31. Kg3 Ne5 32. Be4 Rf4 33. b6
Nd7 34. b7 Rf6 35. Rc8+ Kg7 36. Bc6 1-0

[Event "FRA-chT2 0910"]
[Site "France"]
[Date "2010.01.24"]
[Round "7.2"]
[White "Vatter, Hans Joachim"]
[Black "Peter, Sebastien"]
[Result "1/2-1/2"]
[WhiteElo "2325"]
[BlackElo "2221"]
[PlyCount "64"]
[EventDate "2009.09.27"]
[EventType "team"]
[EventRounds "11"]
[EventCountry "FRA"]
[SourceDate "2009.07.26"]

1. d4 e6 2. c4 Nf6 3. Nf3 b6 4. g3 Ba6 5. Qa4 c6 6. Nc3 b5 7. cxb5 cxb5 8. Nxb5
Qb6 9. Nc3 Bb4 10. Bd2 Nc6 11. e3 Bxf1 12. Kxf1 O-O 13. Kg2 Qb7 14. Rhb1 Ne7
15. Qd1 Rab8 16. Kg1 Bxc3 17. Bxc3 Ne4 18. Nd2 f5 19. a3 Nd5 20. Rc1 Rfc8 21.
Nxe4 fxe4 22. Qg4 Nxc3 23. bxc3 Qd5 24. c4 Rxc4 25. Rxc4 Qxc4 26. Qxe4 Qb3 27.
Qe5 Rf8 28. Qd6 Rf7 29. Qb4 Qc2 30. Rf1 Qc7 31. Qc5 Qb7 32. Rc1 Qf3 {suite
illisible} 1/2-1/2

[Event "FRA-chT2 0910"]
[Site "France"]
[Date "2010.01.24"]
[Round "7.3"]
[White "Briet, Antoine"]
[Black "Mohebbi, Jaffar"]
[Result "1/2-1/2"]
[WhiteElo "2213"]
[BlackElo "2323"]
[PlyCount "150"]
[EventDate "2009.09.27"]
[EventType "team"]
[EventRounds "11"]
[EventCountry "FRA"]
[SourceDate "2009.07.26"]

1. e4 c5 2. Nf3 Nc6 3. d4 cxd4 4. Nxd4 Nf6 5. Nc3 e5 6. Ndb5 d6 7. Bg5 a6 8.
Na3 b5 9. Nd5 Be7 10. Bxf6 Bxf6 11. c3 O-O 12. Nc2 Bg5 13. a4 bxa4 14. Rxa4 Bb7
15. Bc4 Na5 16. Ba2 Bc6 17. Ra3 Bb5 18. h4 Bh6 19. Nce3 Bxe3 20. Nxe3 Rc8 21.
h5 Nc4 22. Bxc4 Bxc4 23. h6 g6 24. Nxc4 Rxc4 25. Qd3 Qc8 26. O-O Qc6 27. Rfa1
Ra8 28. Qd5 Kf8 29. Kf1 Ke7 30. Qxc6 Rxc6 31. Ke2 f5 32. f3 Rb8 33. b4 Rbb6 34.
Kd3 Kf6 35. Rb3 Kg5 36. Rh1 Rb7 37. c4 Rcb6 38. Rhb1 Kxh6 39. b5 Kg5 40. Kc3
Rc7 41. Kb4 axb5 42. cxb5 Kf4 43. Ka5 Rcb7 44. Rb4 fxe4 45. fxe4 h5 46. Rc1 Rb8
47. Rc6 R6b7 48. b6 Ra8+ 49. Kb5 Ra2 50. Rxd6 Rxg2 51. Kc6 Rb8 52. Kc7 Rh8 53.
b7 Rc2+ 54. Rc6 Rh7+ 55. Kb6 Rxb7+ 56. Kxb7 Rg2 57. Rf6+ Kg5 58. Rbb6 Rg4 59.
Rxg6+ Kf4 60. Rh6 h4 61. Kc6 Kxe4 62. Rb4+ Kf3 63. Rb3+ Kf2 64. Kd5 e4 65. Rh3
e3 66. Rf6+ Ke2 67. Re6 Rg3 68. Rxh4 Kd2 69. Kd4 e2 70. Rh2 Rd3+ 71. Kc4 Re3
72. Rd6+ Kc1 73. Ra6 Kb1 74. Rb6+ Kc1 75. Ra6 Kb1 1/2-1/2

[Event "FRA-chT2 0910"]
[Site "France"]
[Date "2010.01.24"]
[Round "7.4"]
[White "Syska, Albert"]
[Black "Duchateau, Thomas"]
[Result "1-0"]
[WhiteElo "2263"]
[BlackElo "2143"]
[PlyCount "74"]
[EventDate "2009.09.27"]
[EventType "team"]
[EventRounds "11"]
[EventCountry "FRA"]
[SourceDate "2009.07.26"]

1. e4 g6 2. d4 Bg7 3. Nc3 d6 4. Be3 a6 5. Nf3 b5 6. Bd3 Nd7 7. a4 b4 8. Ne2 Bb7
9. Qd2 Ngf6 10. e5 Nd5 11. Bh6 O-O 12. h4 f6 13. e6 Nb8 14. h5 g5 15. Bxg7 Kxg7
16. Nxg5 fxg5 17. Qxg5+ Kh8 18. Bxh7 Rf6 19. Bg6 Qf8 20. Bf7 Qg7 21. Qh4 Nc6
22. O-O-O b3 23. Rd2 bxc2 24. g4 Ndb4 25. g5 Rxf7 26. exf7 Qxf7 27. d5 Na2+ 28.
Kxc2 Qf5+ 29. Kb3 Na5+ 30. Kxa2 Bxd5+ 31. Rxd5 Qxd5+ 32. Ka1 Nb3+ 33. Kb1 Qd3+
34. Ka2 Qxe2 35. g6 Rb8 36. Rb1 Qe6 37. Ka3 c5 {suite illisible} 1-0

[Event "FRA-chT2 0910"]
[Site "France"]
[Date "2010.01.24"]
[Round "7.5"]
[White "Hoffmann, Regis"]
[Black "Marzolf, Bruno"]
[Result "0-1"]
[WhiteElo "2120"]
[BlackElo "2241"]
[PlyCount "80"]
[EventDate "2009.09.27"]
[EventType "team"]
[EventRounds "11"]
[EventCountry "FRA"]
[SourceDate "2009.07.26"]

1. d4 d5 2. Bg5 Nc6 3. e3 f6 4. Bh4 Nh6 5. f3 Nf5 6. Bf2 e5 7. c3 exd4 8. cxd4
Bb4+ 9. Nc3 Bxc3+ 10. bxc3 Qe7 11. Qd2 O-O 12. Bd3 Re8 13. Bxf5 Bxf5 14. g4
Bxg4 15. fxg4 Qe4 16. Nf3 Qxf3 17. Rg1 Na5 18. Rg3 Qh1+ 19. Bg1 Nc4 20. Qf2 Qe4
21. O-O-O Re6 22. Qc2 Rae8 23. Qxe4 Rxe4 24. Re1 R8e6 25. Kc2 Rb6 26. Kd3 Rb2
27. Re2 Rxe2 28. Kxe2 Kf7 29. h3 Re6 30. Kd3 Rb6 31. Rg2 Rb2 32. Rxb2 Nxb2+ 33.
Kc2 Nc4 34. Kd3 Nd6 35. Bh2 Ke6 36. Bf4 b6 37. h4 c5 38. dxc5 bxc5 39. a4 g6
40. a5 a6 0-1

[Event "FRA-chT2 0910"]
[Site "France"]
[Date "2010.01.24"]
[Round "7.6"]
[White "Becht, Lucas"]
[Black "Labadie, Jean Jacques"]
[Result "1-0"]
[WhiteElo "2250"]
[BlackElo "2025"]
[PlyCount "109"]
[EventDate "2009.09.27"]
[EventType "team"]
[EventRounds "11"]
[EventCountry "FRA"]
[SourceDate "2009.07.26"]

1. e4 e6 2. d4 d5 3. Nc3 Nf6 4. e5 Nfd7 5. f4 c5 6. Nf3 Nc6 7. Be3 Be7 8. Qd2
a6 9. Qf2 Qb6 10. O-O-O cxd4 11. Nxd4 Nxd4 12. Bxd4 Bc5 13. Kb1 Bxd4 14. Qxd4
Qxd4 15. Rxd4 O-O 16. g3 f6 17. exf6 gxf6 18. f5 exf5 19. Nxd5 Ne5 20. Bh3 Nc6
21. Rf4 Kg7 22. Nb6 Rb8 23. Re1 Ne5 24. Nxc8 Rbxc8 25. Bxf5 Rc5 26. Rd1 Re8 27.
g4 Re7 28. a3 a5 29. Re4 Rec7 30. c3 Rb5 31. Kc2 h6 32. h3 Rbc5 33. Rdd4 b5 34.
Re3 Nc4 35. Rf3 b4 36. axb4 axb4 37. Rd7+ Rxd7 38. Bxd7 Ne5 39. Re3 bxc3 40.
bxc3 Kg6 41. Bf5+ Kg5 42. Re4 Kh4 43. Kb3 Nc6 44. Re6 Kg5 45. h4+ Kxh4 46. Rxf6
Ne5 47. Rxh6+ Kg5 48. Rh5+ Kf4 49. Rh1 Rb5+ 50. Kc2 Ra5 51. Rf1+ Ke3 52. Re1+
Kf4 53. Re4+ Kg5 54. Kb3 Ra1 55. Rxe5 1-0

[Event "FRA-chT2 0910"]
[Site "France"]
[Date "2010.01.24"]
[Round "7.7"]
[White "Michel, Rodolphe"]
[Black "Engelmann, Herve"]
[Result "0-1"]
[WhiteElo "1770"]
[BlackElo "2069"]
[PlyCount "92"]
[EventDate "2009.09.27"]
[EventType "team"]
[EventRounds "11"]
[EventCountry "FRA"]
[SourceDate "2009.07.26"]

1. e4 e5 2. Nf3 Nc6 3. d4 exd4 4. Bc4 Nf6 5. O-O Bc5 6. Bg5 d6 7. h3 h6 8. Bxf6
Qxf6 9. c3 O-O 10. Qd3 Ne5 11. Nxe5 dxe5 12. Nd2 Rd8 13. Nb3 Bb6 14. Rad1 c5
15. Bd5 Be6 16. c4 Rd7 17. Nd2 Rf8 18. Qb3 Rb8 19. Qb5 Re7 20. a4 Bd7 21. Qb3
Bc7 22. Qc2 Qg6 23. Kh2 Kh8 24. b3 f5 25. Qd3 b6 26. Nf3 Qh5 27. Rde1 Rf8 28.
Ng1 g5 29. Kh1 f4 30. Qd1 g4 31. Kh2 Rg7 32. Kh1 f3 33. g3 gxh3 34. Kh2 Qg4 35.
Qc1 Rg5 36. Rd1 h5 37. Rd3 h4 38. Qe1 b5 39. Nxf3 Rxf3 40. Rxf3 Qxf3 41. Rg1 d3
42. Qd2 hxg3+ 43. fxg3 Qe2+ 44. Qxe2 dxe2 45. Re1 Bg4 46. axb5 Ba5 0-1

[Event "FRA-chT2 0910"]
[Site "France"]
[Date "2010.01.24"]
[Round "7.8"]
[White "Criqui, Laurence"]
[Black "Billard, Isabelle"]
[Result "1/2-1/2"]
[WhiteElo "1630"]
[BlackElo "1429"]
[PlyCount "56"]
[EventDate "2009.09.27"]
[EventType "team"]
[EventRounds "11"]
[EventCountry "FRA"]
[SourceDate "2009.07.26"]

1. e4 e5 2. Nf3 Nc6 3. Bc4 Nf6 4. Nc3 Bc5 5. d3 d6 6. Bg5 Bb4 7. O-O Bxc3 8.
bxc3 O-O 9. h3 Qe7 10. Re1 Be6 11. Bb3 Rad8 12. d4 Bd7 13. d5 Na5 14. Qd2 b6
15. Qe3 Nb7 16. Nd2 Nc5 17. Qg3 Kh8 18. Qh4 Rg8 19. Re3 Qf8 20. Rg3 Rc8 21.
Bxf6 gxf6 22. Qxf6+ Rg7 23. Re1 Be8 24. Ree3 Nd7 25. Qf5 f6 26. Rxg7 Qxg7 27.
Rg3 Bg6 28. Qg4 Qf7 1/2-1/2

[Event "FRA-chT2 0910"]
[Site "France"]
[Date "2010.01.24"]
[Round "7.1"]
[White "Zaragatski, Ilja"]
[Black "Mensch, Etienne"]
[Result "1-0"]
[WhiteElo "2469"]
[BlackElo "2364"]
[PlyCount "103"]
[EventDate "2009.09.27"]
[EventType "team"]
[EventRounds "11"]
[EventCountry "FRA"]
[SourceDate "2009.07.26"]

1. Nf3 Nf6 2. g3 g6 3. Bg2 Bg7 4. O-O O-O 5. d4 c5 6. d5 d6 7. Nc3 Na6 8. Nd2
Nc7 9. a4 b6 10. e4 Rb8 11. Re1 a6 12. Nc4 Ng4 13. h3 Ne5 14. Ne3 b5 15. f4 Nc4
16. Nxc4 bxc4 17. e5 e6 18. exd6 Nxd5 19. Nxd5 exd5 20. Qxd5 c3 21. b3 Bd4+ 22.
Be3 Be6 23. Qf3 Qxd6 24. Rad1 Rfd8 25. Bxd4 cxd4 26. Qf2 h5 27. Bf1 Bf5 28. Kh2
a5 29. Bd3 Qd7 30. Bxf5 Qxf5 31. Re5 Qd7 32. Rd3 Rb4 33. Qe2 Qc6 34. Qe4 Qf6
35. Rxa5 Kg7 36. Rc5 Rd6 37. Kg2 Re6 38. Re5 Rc6 39. Qe1 h4 40. gxh4 Qxf4 41.
Re4 Qf5 42. Rf3 Qd5 43. Re5 Re6 44. Rxd5 Rxe1 45. Rd7 Rxb3 46. Rfxf7+ Kg8 47.
Rg7+ Kh8 48. Rh7+ Kg8 49. Rdg7+ Kf8 50. Rc7 Kg8 51. cxb3 c2 52. Rhd7 1-0

[Event "FRA-chT2 0910"]
[Site "France"]
[Date "2010.01.24"]
[Round "7.2"]
[White "Dobosz, Henryk"]
[Black "Iglesias, Joachim"]
[Result "1-0"]
[WhiteElo "2381"]
[BlackElo "2284"]
[PlyCount "69"]
[EventDate "2009.09.27"]
[EventType "team"]
[EventRounds "11"]
[EventCountry "FRA"]
[SourceDate "2009.07.26"]

1. d4 Nf6 2. c4 c5 3. d5 e6 4. Nc3 exd5 5. cxd5 d6 6. e4 g6 7. f4 Bg7 8. Bb5+
Bd7 9. e5 dxe5 10. fxe5 Nh5 11. Nf3 O-O 12. Bxd7 Nxd7 13. g4 Nxe5 14. gxh5
Nxf3+ 15. Qxf3 Re8+ 16. Kd1 Re5 17. h6 Bh8 18. Kc2 Rf5 19. Qg2 Bxc3 20. bxc3
Qh4 21. Bd2 Rf2 22. Qg3 Qa4+ 23. Kc1 Qa3+ 24. Kc2 Qa4+ 25. Kc1 Qa3+ 26. Kd1
Qa4+ 27. Ke1 Rf5 28. Rf1 Re8+ 29. Be3 Rfe5 30. Rf3 Qc2 31. Rd1 Qxc3+ 32. Kf2
Rxe3 33. Rxe3 Qc2+ 34. Ke1 Qc3+ 35. Ke2 1-0

[Event "FRA-chT2 0910"]
[Site "France"]
[Date "2010.01.24"]
[Round "7.3"]
[White "Steil Antoni, Fiona"]
[Black "Lutz, Eric"]
[Result "1/2-1/2"]
[WhiteElo "2198"]
[BlackElo "2208"]
[PlyCount "50"]
[EventDate "2009.09.27"]
[EventType "team"]
[EventRounds "11"]
[EventCountry "FRA"]
[SourceDate "2009.07.26"]

1. e4 c5 2. Nc3 Nc6 3. g3 g6 4. Bg2 Bg7 5. d3 d6 6. Be3 Rb8 7. Qd2 b5 8. Nf3
Bg4 9. h3 Bxf3 10. Bxf3 Nd4 11. Bg2 Nf6 12. Nd1 Qc7 13. c3 Nc6 14. Bh6 O-O 15.
O-O Rfd8 16. Bxg7 Kxg7 17. f4 b4 18. Ne3 e6 19. f5 d5 20. fxe6 fxe6 21. exd5
exd5 22. Rxf6 Kxf6 23. Nxd5+ Rxd5 24. Bxd5 Qxg3+ 25. Bg2 Ne5 1/2-1/2

[Event "FRA-chT2 0910"]
[Site "France"]
[Date "2010.01.24"]
[Round "7.4"]
[White "Schulz, Vladimir"]
[Black "Julian, Stephane"]
[Result "1-0"]
[WhiteElo "2162"]
[BlackElo "2130"]
[PlyCount "137"]
[EventDate "2009.09.27"]
[EventType "team"]
[EventRounds "11"]
[EventCountry "FRA"]
[SourceDate "2009.07.26"]

1. Nf3 d5 2. c4 c6 3. d4 Nf6 4. Nc3 a6 5. b3 Bf5 6. e3 e6 7. Bb2 Nbd7 8. Bd3
Bxd3 9. Qxd3 Bd6 10. O-O O-O 11. e4 dxe4 12. Nxe4 Be7 13. Rfe1 Qa5 14. Ng3 Rfe8
15. Ne5 Rad8 16. Qf3 Ba3 17. Bc3 Bb4 18. Bxb4 Qxb4 19. a3 Qe7 20. b4 Nf8 21.
Rad1 Ng6 22. c5 Rd5 23. Nc4 Red8 24. Nb6 Rg5 25. Nc4 Rgd5 26. Ne3 R5d7 27. Nef5
Qf8 28. Nd6 Ne8 29. Nge4 h6 30. Qg3 Kh7 31. h4 Ne7 32. h5 Nf5 33. Qd3 Kg8 34.
Nxf5 exf5 35. Ng3 f4 36. Ne2 Nf6 37. Nxf4 Re8 38. Re3 Nd5 39. Nxd5 Rxd5 40. Qe2
Red8 41. Re7 R5d7 42. Re1 Kh8 43. Qe5 f5 44. Re8 Rxe8 45. Qxe8 Qxe8 46. Rxe8+
Kh7 47. Re6 Kg8 48. Re5 f4 49. Re4 Kf7 50. Rxf4+ Ke6 51. Kf1 Kd5 52. Ke2 Kc4
53. d5+ Kxd5 54. Ke3 Ke5 55. Rg4 Kf6 56. Rg6+ Ke5 57. f4+ Kd5 58. Kd3 a5 59. g4
b6 60. Rd6+ Rxd6 61. cxd6 Kxd6 62. bxa5 bxa5 63. Kc4 c5 64. a4 Kc6 65. g5 Kd6
66. gxh6 gxh6 67. f5 Ke5 68. Kxc5 Kxf5 69. Kb5 1-0

[Event "FRA-chT2 0910"]
[Site "France"]
[Date "2010.01.24"]
[Round "7.5"]
[White "Bertrand, Quentin"]
[Black "Bellahcene, Bilel"]
[Result "1-0"]
[WhiteElo "2055"]
[BlackElo "2054"]
[PlyCount "109"]
[EventDate "2009.09.27"]
[EventType "team"]
[EventRounds "11"]
[EventCountry "FRA"]
[SourceDate "2009.07.26"]

1. e4 c5 2. Nf3 Nc6 3. d4 cxd4 4. Nxd4 Nf6 5. Nc3 e5 6. Ndb5 d6 7. Bg5 a6 8.
Na3 b5 9. Bxf6 gxf6 10. Nd5 Bg7 11. c3 f5 12. exf5 Bxf5 13. Nc2 O-O 14. Nce3
Be6 15. Bd3 f5 16. O-O Ra7 17. a4 Ne7 18. Nxe7+ Qxe7 19. axb5 d5 20. Bc2 Qf7
21. Bb3 Rd8 22. Rxa6 Rxa6 23. bxa6 f4 24. Nxd5 Bxd5 25. c4 Qa7 26. cxd5 Qxa6
27. Bc2 Qb6 28. Qd3 h6 29. b3 Qd4 30. Qh7+ Kf8 31. Qf5+ Kg8 32. Rd1 Qc5 33.
Qe6+ Kh8 34. Be4 Qd6 35. Qxd6 Rxd6 36. Rc1 Bf6 37. Rc6 Rxc6 38. dxc6 Bd8 39.
Kf1 Kg7 40. Ke2 Kf6 41. Kd3 Ke6 42. Kc4 Kd6 43. Kb5 h5 44. h4 Kc7 45. g3 Be7
46. Bf3 e4 47. Bxh5 e3 48. fxe3 fxg3 49. Bf3 Bxh4 50. b4 Bg5 51. e4 Be3 52. e5
Bd4 53. e6 Kd6 54. Ka6 Kxe6 55. c7 1-0

[Event "FRA-chT2 0910"]
[Site "France"]
[Date "2010.01.24"]
[Round "7.6"]
[White "Genzling, Sylvie"]
[Black "Vigneron, Quentin"]
[Result "1/2-1/2"]
[WhiteElo "1968"]
[BlackElo "1913"]
[PlyCount "57"]
[EventDate "2009.09.27"]
[EventType "team"]
[EventRounds "11"]
[EventCountry "FRA"]
[SourceDate "2009.07.26"]

1. e4 d5 2. exd5 Qxd5 3. Nc3 Qa5 4. Bc4 Nf6 5. d3 c6 6. Bd2 Bf5 7. Qe2 e6 8.
Nf3 Bb4 9. O-O O-O 10. a3 Bxc3 11. Bxc3 Qd8 12. h3 Nbd7 13. Bd2 h6 14. Rfe1 Qc7
15. d4 Nd5 16. Bxd5 cxd5 17. c3 Nb6 18. Nh4 Qd7 19. Qh5 Nc4 20. Bc1 Nd6 21. Re3
Ne4 22. Nxf5 exf5 23. Rf3 Nd6 24. Bf4 Ne4 25. Be3 Nd6 26. Rg3 Ne4 27. Rf3 Nd6
28. Rg3 Ne4 29. Rf3 1/2-1/2

[Event "FRA-chT2 0910"]
[Site "France"]
[Date "2010.01.24"]
[Round "7.7"]
[White "Vigneron, Jean"]
[Black "Barbaras, Mathieu"]
[Result "0-1"]
[WhiteElo "1908"]
[BlackElo "1922"]
[PlyCount "78"]
[EventDate "2009.09.27"]
[EventType "team"]
[EventRounds "11"]
[EventCountry "FRA"]
[SourceDate "2009.07.26"]

1. d4 Nf6 2. Bf4 d5 3. e3 c5 4. c3 Nc6 5. Nd2 Bf5 6. Ngf3 Qb6 7. Qb3 c4 8. Qxb6
axb6 9. a3 b5 10. Rc1 Nd7 11. Be2 Nb6 12. Bd1 e6 13. Bc2 Bxc2 14. Rxc2 b4 15.
O-O b3 16. Rcc1 Na4 17. Rb1 Bxa3 18. bxa3 Nxc3 19. Bd6 Nxb1 20. Nxb1 Kd7 21.
Bc5 Ra6 22. Ne5+ Nxe5 23. dxe5 Rc8 24. Bb4 Rca8 25. Rd1 Ra4 26. Bd6 R8a6 27.
Bc5 Rc6 28. Bd4 Rca6 29. Bb2 Kc6 30. Kf1 b5 31. Bc3 Rxa3 32. Nxa3 Rxa3 33. Rb1
Ra2 34. Ke1 Kc5 35. Rb2 b4 36. Bd4+ Kb5 37. Kd1 Rxb2 38. Bxb2 c3 39. Bc1 Kc4
0-1

[Event "FRA-chT2 0910"]
[Site "France"]
[Date "2010.01.24"]
[Round "7.8"]
[White "Bellahcene, Rayane"]
[Black "Achereiner, Guillaume"]
[Result "0-1"]
[WhiteElo "1801"]
[BlackElo "1992"]
[PlyCount "76"]
[EventDate "2009.09.27"]
[EventType "team"]
[EventRounds "11"]
[EventCountry "FRA"]
[SourceDate "2009.07.26"]

1. d4 e6 2. c4 Nf6 3. Nc3 c5 4. Nf3 cxd4 5. Nxd4 a6 6. g3 Qc7 7. Bg2 d6 8. O-O
Be7 9. Qa4+ Nbd7 10. e4 O-O 11. h3 Ne5 12. Bf4 Bd7 13. Qd1 Nxc4 14. Bc1 Rac8
15. f4 b5 16. g4 b4 17. Nce2 e5 18. Nf5 Bxf5 19. exf5 Qc5+ 20. Kh1 e4 21. g5
Nd5 22. Qd4 Qxd4 23. Nxd4 Nce3 24. Bxe3 Nxe3 25. Rfe1 Nxg2 26. Kxg2 d5 27. Rac1
Bc5 28. Nb3 Bb6 29. Kf1 a5 30. Ke2 a4 31. Rxc8 Rxc8 32. Rc1 Rxc1 33. Nxc1 Bd4
34. b3 Bb2 35. bxa4 Bxc1 36. a5 Bxf4 37. a6 Bb8 38. Ke3 Ba7+ 0-1